Statistics for Bundesliga Winners

Click here to take the quiz!

General Stats

  • This quiz has been taken 393 times
    (155 since last reset)
  • The average score is 45 of 60

Answer Stats

HintAnswer% Correct
1993-94Bayern München
98%
1996-97Bayern München
98%
2005-06Bayern München
98%
1998-99Bayern München
98%
1999-00Bayern München
98%
2000-01Bayern München
98%
1989-90Bayern München
98%
1988-89Bayern München
98%
1986-87Bayern München
98%
1985-86Bayern München
98%
1984-85Bayern München
98%
2004-05Bayern München
98%
1980-81Bayern München
98%
1979-80Bayern München
98%
2007-08Bayern München
98%
1972-73Bayern München
98%
2015-16Bayern München
98%
2014-15Bayern München
98%
2013-14Bayern München
98%
1968-69Bayern München
98%
2012-13Bayern München
98%
1971-72Bayern München
98%
1973-74Bayern München
98%
2009-10Bayern München
98%
2002-03Bayern München
98%
2001-02Borussia Dortmund
96%
2011-12Borussia Dortmund
96%
2010-11Borussia Dortmund
96%
1994-95Borussia Dortmund
96%
1995-96Borussia Dortmund
96%
1978-79Hamburger SV
71%
1982-83Hamburger SV
71%
1981-82Hamburger SV
71%
1983-84VfB Stuttgart
64%
1991-92VfB Stuttgart
64%
2006-07VfB Stuttgart
64%
2008-09VfL Wolfsburg
64%
1964-65Werder Bremen
60%
1992-93Werder Bremen
60%
1987-88Werder Bremen
60%
2003-04Werder Bremen
60%
1963-64FC Köln
55%
1976-77Borussia Mönchengladbach
54%
1975-76Borussia Mönchengladbach
54%
1974-75Borussia Mönchengladbach
54%
1970-71Borussia Mönchengladbach
54%
1969-70Borussia Mönchengladbach
54%
1977-78FC Köln
54%
2022-23Bayern München
45%
2019-20Bayern München
45%
2021-22Bayern München
45%
2020-21Bayern München
45%
2016-17Bayern München
45%
2017-18Bayern München
45%
2018-19Bayern München
45%
1990-91FC Kaiserslautern
40%
1997-98FC Kaiserslautern
39%
1967-68FC Nuremberg
33%
1965-661860 München
26%
1966-67Eintracht Braunschweig
17%

Score Distribution

Percentile by Number Answered

Percent of People with Each Score

Your Score History

You have not taken this quiz since the last reset